| 000 | 00523nam a22002051a 4500 | ||
|---|---|---|---|
| 001 | 5720 | ||
| 003 | OSt | ||
| 005 | 20260204212025.0 | ||
| 008 | 070918s2000||||mx ||||||b||||||||||spa|| | ||
| 020 | _a9684443927 | ||
| 050 | _a515.64 C126v | ||
| 245 | _aCalculo de una variable / Ross L. Finney, Flanklin O. Demara [et - at] | ||
| 250 | _a2 | ||
| 264 | _aMéxico : Pearson Educación | ||
| 300 | _a787 p | ||
| 500 | _aIncluye indice | ||
| 650 | _aCalculo - Variaciones | ||
| 700 | _aFinney, Ross L.Ì | ||
| 942 |
_2ddc _cBK |
||
| 999 |
_c5720 _d5720 |
||